| 000 | 01323nam a22002777a 4500 | ||
|---|---|---|---|
| 999 |
_c119855 _d119855 |
||
| 003 | dpl | ||
| 005 | 20190128112545.0 | ||
| 008 | 170204b xxu||||| |||| 00| 0 eng d | ||
| 010 | _aB-088856,B-088861 | ||
| 020 |
_c00.00 _a8185979138 |
||
| 035 | _aB-088856,B-088861, B-088864 | ||
| 037 | _bCen Lib/Ret | ||
| 040 |
_aDPL _bHN _cDPL |
||
| 082 |
_a821 _bकृष्णाअ |
||
| 100 |
_aकृष्णा अनुराधा _987203 |
||
| 245 |
_aअर्चन-दीप : _cकृष्णा अनुराधा _bइंग्लैंड में प्रवासी भारतीय कवयित्री का प्रथम गीत-संग्रह / |
||
| 246 |
_aArchan-deep : England me pravasi bharteey kavyitri ka pratham geet-sangreh / _bby Krishna Anuradha |
||
| 260 |
_aदिल्ली _bनटराज प्रकाशन _c1995 |
||
| 270 |
_aए-98, अशोक विहार, फेज प्रथम _bदिल्ली _e110052 |
||
| 300 |
_a79पृ. _c21सेमी(सजिल्द) |
||
| 650 |
_aहिन्दी -- साहित्य _987204 |
||
| 650 |
_aहिन्दी -- काव्य _9779 |
||
| 650 |
_aHindi literature _987205 |
||
| 650 |
_aHindi - Poetry _987206 |
||
| 942 |
_2ddc _cHN _h821 _mकृष्णाअ |
||